| 000 | 00459nam a2200145Ia 4500 | ||
|---|---|---|---|
| 008 | 211109s9999||||xx |||||||||||||| ||und|| | ||
| 082 |
_a894.81292 _bVIL-M |
||
| 100 | _aVilakkudy, Rajendran | ||
| 245 | 0 | _aMahacharithamaala-26 | |
| 260 |
_bNATIONAL BOOKSTALL _aKottayam _c1981 |
||
| 300 | _a98p. | ||
| 630 | _xGeneral Stack | ||
| 650 |
_aBiography, genealogy & insignia _vAltaic, Uralic, Hyperborean & Dravidian _xLiterature & rhetoricGeneralia |
||
| 942 | _cBOOK | ||
| 999 |
_c93753 _d93753 |
||